De peones a rectores : hacia la automotivación
| Autor principal: | |
|---|---|
| Formato: | Libro |
| Lenguaje: | español |
| Publicado: |
[s.l.] :
[s.n.],
197?
|
| Materias: |
MARC
| LEADER | 00000nam a2200000Ia 4500 | ||
|---|---|---|---|
| 008 | 180227bs xxu||||| |||| 00| | spa d | ||
| 999 | |c 1572 |d 1572 | ||
| 090 | |a 06.02.01 |b 829 | ||
| 100 | 1 | |a Charms, Richard de |9 3422 | |
| 245 | 1 | 3 | |a De peones a rectores : hacia la automotivación |
| 260 | |a [s.l.] : |b [s.n.], |c 197? | ||
| 300 | |a 4 páginas | ||
| 650 | 1 | 4 | |a EDUCACIÓN |9 1 |
| 650 | 1 | 4 | |a TRABAJADORES |9 933 |
| 650 | 1 | 4 | |a COMPETENCIA |9 345 |
| 942 | |i 00464 |h 06.02.01 829 |2 z |c 01 | ||
